How Europe Underdeveloped Africa (Record no. 6291)

MARC details
005 - DATE AND TIME OF LATEST TRANSACTION
control field 20250629113244.0
020 ## - INTERNATIONAL STANDARD BOOK NUMBER
International Standard Book Number 9966-25-113-8
082 ## - DEWEY DECIMAL CLASSIFICATION NUMBER
Classification number 320.96 ROD
100 ## - MAIN ENTRY--PERSONAL NAME
Author name RODNEY, W .
245 ## - TITLE STATEMENT
Title How Europe Underdeveloped Africa
260 ## - PUBLICATION, DISTRIBUTION, ETC.
Place of publication, distribution, etc. Nairobi,
Name of publisher, distributor, etc. East African Educational,
Date of publication, distribution, etc. 1972.
300 ## - PHYSICAL DESCRIPTION
Extent xxiv, 312p.:
Other physical details index,
Dimensions 23cm.
942 ## - ADDED ENTRY ELEMENTS (KOHA)
Source of classification or shelving scheme Dewey Decimal Classification
Koha item type Books
Holdings
Date last seen Total checkouts Full call number Barcode Cost, replacement price Price effective from Koha item type Lost status Source of classification or shelving scheme Damaged status Not for loan Withdrawn status Home library Current library Shelving location Date acquired Source of acquisition Cost, normal purchase price
06/29/2025   320.96 ROD MZA0002917 90000.00 06/29/2025 Books   Dewey Decimal Classification       CBE Mwanza CBE Mwanza General Collection 07/17/2007 Library Budget 30000.00